000 00387nam a22001577a 4500
003 OSt
005 20260112154153.0
008 260112b |||||||| |||| 00| 0 eng d
040 _cMRSPTU
082 _a025.4
100 _aIqbal Singh/ Brar, Iqbal Singh
245 _aLibrary Classfication
650 _aLibrary Science
856 _uhttps://library.mrsptu.ac.in
942 _2ddc
_cTH
_n0
999 _c10624
_d10624